000 00596nam a2200229 i 4500
001 C2-0232030
003 PPAK
005 20180728085221.0
008 001212s1967 enk |||| ||||| | eng d
040 _aPPAK
_beng
_cPPAK
_erda
082 0 4 _a370.154
_223
090 0 0 _a370.154
_bMAD
_dKSI
100 1 _aMaddox, Harry,
_eauthor
245 1 0 _aHow to study
264 1 _aLondon :
_bPan Books ,
_c1967
300 _a240 pages ;
_c17 cm
336 _2rdacontent
_atext
337 _2rdamedia
_aunmediated
338 _2rdacarrier
_avolume
650 1 0 _aMotivation in education
942 _ddc
_cB
999 _c151335
_d151335